ARRUPE JESUIT UNIVERSITY

CORONAVIRUS -STOP THE SPREAD - CLEAN,DISINFECT,COVER

The moon is a harsh mistress / (Record no. 119111)

MARC details
000 -LEADER
fixed length control field 01940cam a2200517Ia 4500
001 - CONTROL NUMBER
control field 8517016
003 - CONTROL NUMBER IDENTIFIER
control field ARRUPE
005 - DATE AND TIME OF LATEST TRANSACTION
control field 20131205174644.0
008 - FIXED-LENGTH DATA ELEMENTS--GENERAL INFORMATION
fixed length control field 110302s1997 nyua 000 1 eng d
020 ## - INTERNATIONAL STANDARD BOOK NUMBER
International Standard Book Number 0312863551 (acidfree paper)
020 ## - INTERNATIONAL STANDARD BOOK NUMBER
International Standard Book Number 9780312863555 (acidfree paper)
029 1# - (OCLC)
OCLC library identifier YDXCP
System control number 1478734
029 1# - (OCLC)
OCLC library identifier AU@
System control number 000023167754
029 1# - (OCLC)
OCLC library identifier NZ1
System control number 11671026
029 1# - (OCLC)
OCLC library identifier CDX
System control number 3502043
035 ## - SYSTEM CONTROL NUMBER
System control number (OCoLC)ocm37336037
035 ## - SYSTEM CONTROL NUMBER
System control number (OCoLC)ocn37336037
035 ## - SYSTEM CONTROL NUMBER
System control number (OCoLC)37336037
035 ## - SYSTEM CONTROL NUMBER
System control number (NNC)8517016
040 ## - CATALOGING SOURCE
Original cataloging agency IWM
Transcribing agency IWM
Modifying agency KRS
-- OCL
-- BAKER
-- BTCTA
-- OCLCQ
-- VP@
-- YDXCP
-- QJB
-- XY4
-- ZP7
-- O2L
-- CDX
-- XY4
-- PZU
043 ## - GEOGRAPHIC AREA CODE
Geographic area code zmo----
050 00 - LIBRARY OF CONGRESS CALL NUMBER
Classification number PZ3.H364.M6
082 00 - DEWEY DECIMAL CLASSIFICATION NUMBER
Classification number 813/.54
Edition number 20
300 ## - PHYSICAL DESCRIPTION
Other physical details ill. ;
Dimensions 21 cm.
100 1# - MAIN ENTRY--PERSONAL NAME
Personal name Heinlein, Robert A.
Fuller form of name (Robert Anson),
Dates associated with a name 1907-1988.
9 (RLIN) 5234
245 14 - TITLE STATEMENT
Title The moon is a harsh mistress /
Statement of responsibility, etc Robert A. Heinlein.
250 ## - EDITION STATEMENT
Edition statement 1st Orb ed.
260 ## - PUBLICATION, DISTRIBUTION, ETC. (IMPRINT)
Place of publication, distribution, etc New York :
Name of publisher, distributor, etc Orb,
Date of publication, distribution, etc 1997.
300 ## - PHYSICAL DESCRIPTION
Extent 382 p. :
500 ## - GENERAL NOTE
General note "A Tom Doherty Associates book."
500 ## - GENERAL NOTE
General note "There ain't no such thing as a free lunch: TANSTAAFL"
505 0# - FORMATTED CONTENTS NOTE
Formatted contents note That dinkum thinkum -- Rabble in arms -- "Tanstaafl!"
505 0# - FORMATTED CONTENTS NOTE
Formatted contents note That dinkum thinkum -- A rabble in arms -- "TANSTAAFL!"
520 ## - SUMMARY, ETC.
Summary, etc A one-armed computer technician, a radical blonde bombshell, an aging academic, and a sentient all-knowing computer lead the lunar population in a revolution against Earth's colonial rule.
586 ## - AWARDS NOTE
Awards note Prometheus Hall of Fame Award, 1983.
586 ## - AWARDS NOTE
Awards note Hugo Award for Best Novel, 1967.
650 #0 - SUBJECT ADDED ENTRY--TOPICAL TERM
Topical term or geographic name as entry element Penal colonies
Form subdivision Fiction.
9 (RLIN) 5235
650 #0 - SUBJECT ADDED ENTRY--TOPICAL TERM
Topical term or geographic name as entry element Revolutions
Form subdivision Fiction.
9 (RLIN) 5236
650 #0 - SUBJECT ADDED ENTRY--TOPICAL TERM
Topical term or geographic name as entry element Artificial intelligence
Form subdivision Fiction.
9 (RLIN) 5237
650 #0 - SUBJECT ADDED ENTRY--TOPICAL TERM
Topical term or geographic name as entry element Imaginary wars and battles
Form subdivision Fiction.
9 (RLIN) 5238
651 #0 - SUBJECT ADDED ENTRY--GEOGRAPHIC NAME
Geographic name Moon
Form subdivision Fiction.
9 (RLIN) 5239
655 #7 - INDEX TERM--GENRE/FORM
Genre/form data or focus term Science fiction.
Source of term gsafd
9 (RLIN) 5240
655 #0 - INDEX TERM--GENRE/FORM
Genre/form data or focus term Hugo Award.
9 (RLIN) 5241
942 ## - ADDED ENTRY ELEMENTS (KOHA)
Source of classification or shelving scheme Library of Congress Classification
Koha item type Monograph ( Printed materials)
948 1# - LOCAL PROCESSING INFORMATION (OCLC); SERIES PART DESIGNATOR (RLIN)
Series part designator, SPT (RLIN) 20110322
b (OCLC) c
c (OCLC) as2107
d (OCLC) MPS
Holdings
Withdrawn status Lost status Source of classification or shelving scheme Damaged status Not for loan Home library Current library Shelving location Date acquired Total Checkouts Full call number Barcode Date last seen Price effective from Koha item type
    Library of Congress Classification     ARRUPE LIBRARY ARRUPE LIBRARY Main Collection 05/12/2013   PZ3.H364.M6 464123308 02/07/2019 05/12/2013 Monograph ( Printed materials)

 

Arrupe Library. PO Box MP320 Mt Pleasant, Harare, Zimbabwe
263 242 745411|librarian@aju.ac.zw